The Arab-Israeli conflict : the Palestine War 1948
Αποθηκεύτηκε σε:
| Κύριος συγγραφέας: | |
|---|---|
| Μορφή: | Βιβλίο |
| Γλώσσα: | English |
| Δημοσίευση: |
Oxford :
Osprey,
2002
|
| Σειρά: | Essential histories (Osprey Publishing)
|
| Θέματα: | |
| Ετικέτες: |
Προσθήκη ετικέτας
Δεν υπάρχουν, Καταχωρήστε ετικέτα πρώτοι!
|
MARC
| LEADER | 00000nam a2200000 i 4500 | ||
|---|---|---|---|
| 001 | 1/78608 | ||
| 008 | 080324s2002 eng d | ||
| 020 | |a 978-1-84176-372-9 | ||
| 035 | |l 10095767 | ||
| 040 | |a GR-MY-UA |b gre |e aacr | ||
| 041 | 0 | |a eng | |
| 082 | 0 | |a 956.042 |2 (22) | |
| 100 | 1 | |a Karsh, Efraim. | |
| 245 | 1 | 4 | |a The Arab-Israeli conflict : |b the Palestine War 1948 / |c Efraim Karsh |
| 260 | |a Oxford : |b Osprey, |c 2002 | ||
| 300 | |a 95 σ.; |b εικ., έγχρ. χάρτες; |c 25 εκ. | ||
| 490 | 1 | |a Essential histories | |
| 504 | |a Περιέχει βιβλιογραφικές παραπομπές και ευρετήριο | ||
| 650 | 0 | 0 | |a Israel-Arab War, 1948-1949. |
| 830 | 0 | |a Essential histories (Osprey Publishing) | |
| 852 | |a INST |b LESVOS |e 20080324 |h 956.042 KAR |p 005100039430 |q 005100039430 |t BK |y 0 | ||
| 901 | |a BIBL1-2008-1 | ||
| 909 | |a Λ |b 143173 | ||
| 922 | |a 1ΕΛΗ |b 200712 |c ΕΠΕΑΕΚ2/ΤΚΑ |d ΠΑΠΑΣΩΤΗΡΙΟΥ | ||
| 970 | |a ΚΑΡΑ |b ΓΙΑΣΕΜΗ |z 2008/03/24 | ||